000 01621nam2a22003131 4500
001 rc\4456682
005 20260407071440.0
021 _aRU
_b[59-9607]
035 _a(NLR Aleph) 008590312
090 _a8639774
_c8639774
100 _a20130416d1959 |||y0rusy50 ca
101 0 _arus
102 _aRU
105 _aab z |||||
200 0 _a[Ч. 3]
_eДля 10 класса
_fИн-т истории Акад. наук СССР
205 _a18-е изд.
210 _d1959
_aБ. м.
215 _a286 с.
_cил., карт.
300 _aПеред загл. авт.: проф. К.В. Базилевич, проф. С.В. Бахрушин, акад. А.М. Панкратова, доц. А.В. Фохт
461 0 _1001rc\4456679
_12001#$aИстория СССР$eУчебник [для сред. школы]$fПод ред. акад. А.М. Панкратовой$gАкад. пед. наук РСФСР$v[Ч. 3]
_98639758
_cМосква
_d1959
_e2-е изд. Ч. 1-
_fПод ред. акад. А.М. Панкратовой
_nУчпедгиз
_oУчебник [для сред. школы]
_tИстория СССР
_v[Ч. 3]
701 1 _aПанкратова
_bА.М.
_gАнна Михайловна
701 1 _7ca
_8rus
_aФохт
_bА. В.
_f1899-1972
_gАнастасия Викторовна
_3RU\NLR\AUTH\770278695
_92650662
701 1 _aБахрушин
_bС.В.
701 1 _7ca
_8rus
_aБазилевич
_bК. В.
_f1892-1950
_gКонстантин Васильевич
_3RU\NLR\AUTH\770278682
_92650649
801 0 _aRU
_bNLR
_gpsbo
801 1 _aRU
_bELAR
_2rusmarc
852 _aNLR
_j58-5/3470
942 _cBOOK
980 _aNB